000 02970cam a22006254i 4500
003 PE-LiUPU
005 20250731165605.0
008 150706s r 000 0 d
020 _a9789972452338
035 _a(Sirsi) i9789972452338
040 _aPE-LiUPU
_bspa
_cPE-LiUPU
_erda
049 _aPRUA
082 0 4 _a001.42
_bK71
_221
100 1 _aKogan Cogan, Liuba,
_eautor.
245 1 0 _aAprender a investigar :
_bmanual de introducción a la metodología de la ciencia /
_cLiuba Kogan Cogan.
250 _aSegunda edición.
264 1 _aLima :
_bFondo Editorial,
_c2009.
300 _a144 páginas :
_bilustraciones ;
_c28 centímetros
336 _atext
_2rdacontent
337 _aunmediated
_2rdamedia
338 _avolume
_2rdacarrier
490 0 _aTextos Universitarios
504 _aIncluye bibliografía.
505 0 _a¿Por qué es importante aprender a investigar? -- La realidad y los paradigmas del conocimiento -- La investigación de gabinete o bibliográfica -- La construcción de los datos: la investigación empírica -- Sugerencias para elaborar reportes de investigación.
526 _aSEG44
526 _aSEG26
526 _aP151
526 _aP150
526 _aP149
526 _aP146
526 _aP145
526 _aP126
526 _aP125
526 _aP92
526 _aP75
526 _aP74
526 _aP27
526 _aP15
541 _g007-0813156;
541 _g030-0012243;
541 _g030-0013375;
650 1 4 _aInvestigación
_xMetodología.
650 2 4 _aInvestigación
_xEstudio y enseñanza.
650 2 4 _aCiencia
_xMetodología.
910 _agl
_bjv
_clch
_d20091118
942 _2ddc
_cBOOK
949 _a001.42 K71
_wDEWEY
_c1
_i60559
_d2015-11-26
_e2015-11-18
_lCCODEBUL1
_mBUL
_n1
_p6.00
_r0
_sY
_tBOOK
_u2015-7-6
_xINGENIERIA
_PP27
_0COMPRA
_o.STAFF. Colección General
949 _a001.42 K71
_wDEWEY
_c2
_i64794
_d2016-5-22
_e2016-5-19
_lCCODEBUL1
_mBUL
_n1
_p7.00
_r0
_sY
_tBOOK
_u2015-7-6
_xFCE
_PP04
_0COMPRA
_o.STAFF. Colección General
949 _a001.42 K71
_wDEWEY
_c3
_i65878
_d2015-8-26
_e2015-8-25
_lCCODEBUL1
_mBUL
_n3
_p6.00
_r0
_sY
_tBOOK
_u2015-7-6
_xFCE
_PP04
_0COMPRA
_o.STAFF. Colección General
994 _aC0
_bPEPRU
596 _a1
999 _a001.42 K71
_wDEWEY
_c49978
_i60559
_d49978
_e2015-11-18
_f2021-11-4
_g7
_lCCODEBUL1
_mBUL
_n1
_p6.00
_q2
_r0
_sY
_tBOOK
_u2015-7-6
_xBIBLIOTECA
_PP27
_0COMPRA
_o.STAFF. Colección General
999 _a001.42 K71
_wDEWEY
_c2
_i64794
_d2016-5-22
_e2016-5-19
_f2021-11-4
_g7
_lCCODEBUL1
_mBUL
_n1
_p7.00
_r0
_sY
_tBOOK
_u2015-7-6
_xBIBLIOTECA
_PP04
_0COMPRA
_o.STAFF. Colección General
999 _a001.42 K71
_wDEWEY
_c3
_i65878
_d2015-8-26
_e2015-8-25
_f2021-11-4
_g7
_lCCODEBUL1
_mBUL
_n3
_p6.00
_r0
_sY
_tBOOK
_u2015-7-6
_xBIBLIOTECA
_PP04
_0COMPRA
_o.STAFF. Colección General
980 _81
_gALBERTO SANCHEZ Responsable de Automatización